Analýza dôsledkov regulácie - RIA

Analýza dôsledkov regulácie predstavuje nástroj na pomoc vládam zlepšiť reguláciu a proces tvorby politiky meraním efektov regulácie. Spôsob a úroveň tvorby novej regulácie je rozdielna v závislosti od štátu, v ktorom je regulácia uplatnená. Proces analýzy dôsledkov regulácie. Šesť základných princ...

Ausführliche Beschreibung

Gespeichert in:
Bibliographische Detailangaben
1. Verfasser: Hrešková, Eva
Format: Buchkapitel
Sprache:Slowakisch
Schlagworte:
Tags: Tag hinzufügen
Keine Tags, Fügen Sie das erste Tag hinzu!

MARC

LEADER 00000naa$a2200000$$$4500
001 0089657
005 20240502072012.0
041 0 |a slo 
044 |a SK 
245 1 0 |a Analýza dôsledkov regulácie - RIA  |c Eva Hrešková 
520 |a Analýza dôsledkov regulácie predstavuje nástroj na pomoc vládam zlepšiť reguláciu a proces tvorby politiky meraním efektov regulácie. Spôsob a úroveň tvorby novej regulácie je rozdielna v závislosti od štátu, v ktorom je regulácia uplatnená. Proces analýzy dôsledkov regulácie. Šesť základných princípov lepšej regulácie. 
610 2 0 |a regulácia štátna 
610 2 0 |a regulácia hospodárska 
610 2 0 |a štát 
610 2 0 |a opatrenia 
610 2 0 |a náklady 
610 2 0 |a úžitok 
610 2 0 |a analýzy 
100 1 |a Hrešková, Eva